000 01147nam a22003497a 4500
003 CHAP
005 20220817043746.0
008 010227d2000 it r 00010 eng d
010 _a83631
011 _a84603
020 _a9251045127
035 _a95128
040 _cCHAP
082 1 0 _a639.2
_bF46 v.627
110 2 _aFAO
245 1 0 _aReport of the FOUR GEF/UNEP/FAO regional workshops on reducing the impact of tropical shrimp trawl fisheries
_c/by FAO
260 _aRome :
_bFAO,
_c2000.
300 _a40 p. :
_bcuadros
490 0 _aFAO. Informe de pesca
_v; 627
590 _aBATCH-UPD
_b10
_c20130110
_lUCH01
_h0238
590 _aBATCH-UPD
_b10
_c20130110
_lUCH01
_h1044
590 _aBATCH-UPD
_b10
_c20130409
_lUCH01
_h2304
590 _aBATCH-UPD
_b10
_c20130914
_lUCH01
_h1348
590 _aCONVERSION
_b10
_c20130109
_lUCH01
_h1346
650 1 4 _aPesquería
_zRegión Mediterránea.
_987523
650 1 4 _aRecursos marinos.
830 0 _aFAO. Informe de pesca
_v; 627
_939587
901 _aBK
905 _aPatricia Mendoza P.
942 _cLIBRO
949 _a639.2 F46 v.627
_bBC
_cFAO
_d33724000814950
_eFAO1
_gDonaciØn
_h99764
_i95128
_sb
999 _c83631
_d83631